PV Text Book of Nursing Research and Statistics (Record no. 156643)

MARC details
000 -LEADER
fixed length control field 00384nam a2200133Ia 4500
008 - FIXED-LENGTH DATA ELEMENTS--GENERAL INFORMATION
fixed length control field 230411s9999 xx 000 0 und d
041 ## - LANGUAGE CODE
Language code of text/sound track or separate title eng
082 ## - DEWEY DECIMAL CLASSIFICATION NUMBER
Classification number R/610.724/PAR/SHA/B06220
100 ## - MAIN ENTRY--PERSONAL NAME
Personal name Pareek Bharat & Sharma Shivani
245 ## - TITLE STATEMENT
Title PV Text Book of Nursing Research and Statistics
260 ## - PUBLICATION, DISTRIBUTION, ETC. (IMPRINT)
Name of publisher, distributor, etc. S Vikas and Co
Place of publication, distribution, etc. Jalandhar
Date of publication, distribution, etc. 2009
300 ## - PHYSICAL DESCRIPTION
Extent 224p
Holdings
Withdrawn status Lost status Damaged status Not for loan Collection code Home library Current library Date acquired Vendor Cost, normal purchase price Bill number Total Checkouts Full call number Barcode Date last seen Cost, replacement price Bill Date Koha item type Original Barcode
          Smt. Bakul Tambat Institute of Nursing Education Smt. Bakul Tambat Institute of Nursing Education 17/04/2010 S Vikas and Co 195.00 4391   R 610.724 PAR SHA B06220 BTIN-BK-6220 11/04/2023 146.00 17/04/2010 Books B06220